Southville International School and Colleges
Your cart is empty.
  • Cart
  • Lists
    Public lists Eva Luna New books Lux_list list_1
    Your lists Log in to create your own lists
  • Log in to your account
  • Your cookies
  • Search history
Southville International School and Colleges
  • Advanced search
  • Recent comments
  • Most popular
  • Libraries

Log in to your account

Log in with GOOGLE


If you do not have an external account, but do have a local account, you can still log in:

  1. Home
  2. MARC view: Graphic design as a Second Language /
Normal view MARC view ISBD view

Graphic design as a Second Language / (Record no. 22052)

[ view plain ]
MARC details
000 -LEADER
fixed length control field 00580nam a2200193 a 4500
005 - DATE AND TIME OF LATEST TRANSACTION
control field 20140310183350.0
008 - FIXED-LENGTH DATA ELEMENTS--GENERAL INFORMATION
fixed length control field 070618s19uu xx 00 eng d
020 ## - INTERNATIONAL STANDARD BOOK NUMBER
International Standard Book Number 1920744398
050 ## - LIBRARY OF CONGRESS CALL NUMBER
Classification number NC 997
Item number .G475 2003
100 ## - MAIN ENTRY--PERSONAL NAME
Personal name Gill, Bob
245 ## - TITLE STATEMENT
Title Graphic design as a Second Language /
Statement of responsibility, etc Bob Gill
260 ## - PUBLICATION, DISTRIBUTION, ETC. (IMPRINT)
Place of publication, distribution, etc Australia :
Name of publisher, distributor, etc The Images Publishing Group,
Date of publication, distribution, etc 2003.
300 ## - PHYSICAL DESCRIPTION
Extent 128 p. :
Other physical details ill. col. ;
Dimensions 22 cm.
521 ## - TARGET AUDIENCE NOTE
Target audience note
650 ## - SUBJECT ADDED ENTRY--TOPICAL TERM
Topical term or geographic name as entry element Commercial art
General subdivision History
-- 20th century.
650 ## - SUBJECT ADDED ENTRY--TOPICAL TERM
Topical term or geographic name as entry element Gra[phic arts
General subdivision History
-- 20th century.
942 ## - ADDED ENTRY ELEMENTS (KOHA)
Koha item type Books
Source of classification or shelving scheme Library of Congress Classification
Call number prefix Foreign
Holdings
Withdrawn status Lost status Source of classification or shelving scheme Damaged status Home library Current library Shelving location Date acquired Source of acquisition Total Checkouts Full call number Barcode Date last seen Date checked out Copy number Price effective from Koha item type
    Library of Congress Classification   College Library College Library General Circulation Section 08/24/2010   1 NC 997 .G475 2003 C8376 11/05/2018 10/24/2018 1 10/10/2013 Books

Graphic design as a Second Language /

APA

Gill B., . (2003). Graphic design as a Second Language. Australia: The Images Publishing Group.

Chicago

Gill Bob, . 2003. Graphic design as a Second Language. Australia: The Images Publishing Group.

Harvard

Gill B., . (2003). Graphic design as a Second Language. Australia: The Images Publishing Group.

MLA

Gill Bob, . Graphic design as a Second Language. Australia: The Images Publishing Group. 2003.

  • Place hold
  • Print
  • Cite
  • Add to your cart (remove)
  • Save record
    BIBTEX Dublin Core MARCXML MARC (non-Unicode/MARC-8) MARC (Unicode/UTF-8) MARC (Unicode/UTF-8, Standard) MODS (XML) RIS
  • More searches
    Search for this title in:
    Other Libraries (WorldCat) Other Databases (Google Scholar) Online Stores (Bookfinder.com) Open Library (openlibrary.org)

Exporting to Dublin Core...

SOUTHVILLE LIBRARY

Southville International School and Colleges Library

1281 Tropical Ave. Cor. Luxembourg St., BF Homes International, Las Pinas City

Tel. No. 8256374 / 252358 Loc. 117/146

Powered by Koha